000 00564nam a22001937a 4500
003 DO-SdBNP
005 20180122083521.0
008 160704b 1981 sp||||| |||| 00| 0 spa d
020 _a8423927121
040 _aBPMSU
_bspa
_cBPMSU
100 _aRobles, Antonio
245 _aCuentos de las cosas que hablan /
_cAntonio Robles ; Juan R. Alonso ilustrador
260 _aMadrid :
_bEspasa - Calpe
_c1981
300 _a185 p. :
_c18 cm
700 _aAlonso, Juan R. ilustrador
942 _2ddc
_cBK
945 _ainventariado, 2018 / dg
956 _adgarcia
_b10
999 _c10654
_d10654